Memoria del Ministro de Marina presentada al Congreso Nacional en 1889

保存先:
書誌詳細
フォーマット: 図書
言語:スペイン語
出版事項: Santiago Imprenta Nacional 1889
版:1a. ed
主題:
タグ: タグ追加
タグなし, このレコードへの初めてのタグを付けませんか!

MARC

LEADER 00000cam a2200000 a 4500
001 UCE4752
003 CL-VaPUC
008 141107e18890000cl |||||||||||||||||spa|d
082 0 4 |a 351.05  |b MEM  |2 21 
245 1 0 |a Memoria del Ministro de Marina presentada al Congreso Nacional en 1889 
250 |a 1a. ed 
300 |a 428 p 
942 |c BK 
945 |d 20141107 12:15:00  |a arojas 
260 |a Santiago  |b Imprenta Nacional  |c 1889 
600 0 7 |a MINISTERIO DE GUERRA Y MARINA  |2 CL-VaPUC  |9 577246 
600 0 7 |a CONGRESO NACIONAL  |2 CL-VaPUC  |9 396553 
600 0 |a Armada de Chile  |9 340497 
600 0 |a Marina mercante  |9 389295 
650 7 |a MEMORIAS MINISTERIALES  |2 CL-VaPUC  |9 396559 
650 0 |a Historia de Chile   |9 322385 
650 0 |a Fuentes Históricas  |9 265141 
650 0 |a Balances  |9 356958 
583 |a last modification  |c 20141107 12:15:00  |k Rodrigo Vera 
999 |c 357632  |d 357630 
952 |0 0  |1 0  |3 erd  |4 0  |6 351_050000000000000_MEM_1889  |7 0  |8 X  |9 465659  |a FDOBUD  |b FDOBUD  |i 5123992  |o 351.05 MEM 1889  |p 5123992  |r 2019-11-23  |w 2019-11-23  |y BK_X  |z Catalogado en:20141107  |k BUD